Quiz sur l’Alsace - Statistiques

Statistiques générales
  • Ce quiz a été pris 793 fois
  • Le résultat moyen est 12 sur 20
Statistiques - réponses
Question Réponse % Correct
Départements constituant la région Bas-Rhin
98%
Région auquel l’Alsace appartient depuis 2016 Grand-Est
98%
Départements constituant la région Haut-Rhin
98%
Plat traditionnel principalement composé de chou, de patates et de viandes Choucroute
96%
Oiseau symbole alsacien, également oiseau national en Lituanie Cigogne Blanche
93%
Pâtisserie salée, recouverte d’éclats de sel Bretzel
90%
Recette alsacienne composée pâte fine recouverte de lardons, d’oignons et de crème Flammekueche
88%
Rouget de Lisle l’a chantée pour la première fois à Strasbourg La Marseillaise
67%
Club de football basé au Stade de la Meinau RC Strasbourg Alsace
65%
Château médiéval sur les hauteurs d’Orschwiller Haut-Koenigsbourg
58%
Général français assassiné en Égypte donnant son nom à une place strasbourgeoise Jean-Baptiste Kléber
58%
Une horloge astronomique s’y trouve. On y a également une belle vue sur Strasbourg Cathédrale Notre-Dame de Strasbourg
56%
Chanteur haut-rhinois, auteur de Si j’avais su et de Un homme debout Claudio Capeo
49%
Sculpteur ayant réalisé la Statue de la Liberté Auguste Bartholdi
42%
Handballeur et gardien de but, considéré comme l’un des meilleurs de l’histoire Thierry Omeyer
40%
Ce prix Nobel de la Paix est mort au Gabon en 1965 Albert Schweitzer
28%
Seul aéroport du monde situé entre deux pays EuroAirport
24%
Collectivité territoriale crée en 2021 Collectivité Européenne d’Alsace
23%
Club de Volley, ayant son équipe féminine en première division Volley Mulhouse Alsace
12%
Musée mulhousien, on y trouve la machine à vapeur de DMC Electropolis
7%
Aucun quiz correspondant
Distribution des résultats
% des personnes avec chaque résultat
Percentile par nombre de réponses
Votre historique - résultats
Vous n’avez pas pris ce quiz